MDQL
is popping MORE tags! Check the
thread
!
Quizzes
Events
Quiz Creation
Community
Videos
Private Events
Remove Ads
Sign In
Join for FREE
Feedback
Dark Mode
Quiz Categories
Sports
Geography
Music
Movies
Television
Just For Fun
Miscellaneous
History
Literature
Language
Science
Gaming
Entertainment
Religion
Holiday
For Kids
Quiz Lab
Recent
Popular Today
Quiz Kudos Today
Editor Picks
Curator Picks
Quizzes by...
Day
Popularity
Type
Ratings
Length
Year
Community
Subscriptions
Recent Discussions
Orange Saloon
Badges
Playlists
Quests
Create
Leaderboards
Showdown
Live 5
Trivia Bingo
Activity
Puzzle Library
Sporcle Events
Private Events
Virtual Trivia
Globe League
Become a Host
Pub Owners
SporcleCon
Opinionation
Our Games
Videos
Blog
Mobile Apps
Partnerships
Remove Ads and Go Orange
Feedback
Language
Vocabulary
Begins and Ends
Definition
Spanish
French
German
Italian
Chinese
Latin
Translation
Japanese
Language
Vocabulary
Begins and Ends
Definition
Spanish
French
German
Italian
Chinese
Latin
Translation
Japanese
Random Quiz
Search Sporcle
×
Quiz Lab
Quiz Lab
Language
Japanese
Type in answers that appear in a list
Type in answers that appear in a list
Classic
Best Score? Go Orange.
Japanese Hiragana Syllable Stats
Japanese Hiragana All Syllables Practice
By
NigguhPlease
10m
110 Questions
1,062 Plays
1,062 Plays
1,062 Plays
Comments
Comments
Give Quiz Kudos
Give Quiz Kudos
-
- Ratings
hide this ad
Forced Order
Answers have to be entered in order
Answers have to be entered in order
Random Order
Randomize order of answers
Randomize order of answers
Replay
Link that replays current quiz
Next Quiz
Link to next quiz in quiz playlist
You Got
0%
They Got
Avg Score
80%
Avg Friend Score
Upgrade to see
Score Distribution
Jump to the score distribution portion of the page
Score
0/110
Timer
10:00
0
Plays Today
Hiragana
English
% Correct
く
ku
84.8%
い
i
84.5%
て
te
84.5%
か
ka
84%
つ
tsu
84%
よ
yo
84%
の
no
83.9%
ん
n
83.8%
お
o
83.6%
す
su
83.5%
ち
chi
83.5%
そ
so
83.4%
ふ
fu
83.4%
し
shi
83.3%
え
e
83.1%
さ
sa
83.1%
る
ru
83%
あ
a
82.9%
と
to
82.8%
に
ni
82.8%
ひ
hi
82.8%
へ
he
82.8%
ぱ
pa
82.8%
ら
ra
82.8%
な
na
82.7%
り
ri
82.7%
き
ki
82.6%
う
u
82.5%
ぷ
pu
82.5%
ぴ
pi
82.4%
こ
ko
82.3%
ま
ma
82.3%
や
ya
82.3%
ゆ
yu
82.3%
ろ
ro
82.3%
ぐ
gu
82.2%
は
ha
82.2%
Hiragana
English
% Correct
た
ta
82.1%
け
ke
82%
ひゃ
hya
81.9%
せ
se
81.8%
ぜ
ze
81.8%
む
mu
81.8%
も
mo
81.7%
が
ga
81.7%
べ
be
81.7%
れ
re
81.7%
み
mi
81.6%
ぎ
gi
81.5%
ぬ
nu
81.5%
ぺ
pe
81.5%
きゅ
kyu
81.5%
め
me
81.4%
び
bi
81.4%
わ
wa
81.4%
きゃ
kya
81.3%
ず
zu
81.2%
ね
ne
81.2%
りゃ
rya
81.2%
ほ
ho
81.1%
ぼ
bo
81.1%
ぴゃ
pya
81.1%
りょ
ryo
81%
ご
go
80.9%
ど
do
80.9%
みゃ
mya
80.9%
ぶ
bu
80.8%
ぽ
po
80.8%
ひょ
hyo
80.7%
じ
ji
80.6%
びょ
byo
80.5%
きょ
kyo
80.5%
げ
ge
80.4%
を
wo
80.4%
Hiragana
English
% Correct
にゅ
nyu
80.4%
ぴょ
pyo
80.3%
だ
da
80.2%
で
de
80.2%
みゅ
myu
80.2%
ぎょ
gyo
80.1%
ざ
za
80%
ぞ
zo
79.9%
にょ
nyo
79.9%
りゅ
ryu
79.9%
ば
ba
79.8%
ひゅ
hyu
79.8%
みょ
myo
79.8%
びゃ
bya
79.8%
にゃ
nya
79.5%
ぎゃ
gya
79.5%
ぴゅ
pyu
79.3%
ぎゅ
gyu
79.2%
びゅ
byu
79.1%
ちゃ
cha
78.8%
ちゅ
chu
78.4%
ちょ
cho
77.9%
しょ
sho
77.9%
しゅ
shu
77.9%
しゃ
sha
76.8%
ぢ
ji
76.3%
じゅ
ju
75.5%
づ
zu
75.3%
じゃ
ja
74.5%
じょ
jo
74.2%
わった
watta
72.3%
ねって
nette
71.9%
ふっが
fugga
71.3%
れっぴ
reppi
70.4%
あっち
acchi
70%
めっざ
mezza
68.9%
Quiz Playlist
Details
Report
Send in Message
Add To Playlist
Classic:
Type in answers that appear in a list
Forced Order:
Answers have to be entered in order
Random Order:
Randomize order of answers
Last Updated: Sep 21, 2017
Quiz Scoreboard
CHALLENGE
Sign Up to Join the Scoreboard
Show All
Scores
Hide
Comments
May contain spoilers
Recently Published
1-10 Letter E Words III
by El_Dandy
Language
2m
Street Fighter Characters
by Artimus82
Gaming
60s
College Basketball Coaching Resumes
by pancakes188
Sports
9m
More to Explore
Quiz From the Vault
Featured Blog Post
Where Did the Easter Bunny Come From?
hide this ad
You Might Also Like...
Tags
Japanese Quiz
English
hiragana
Syllable
Today's Top Quizzes in Language
Browse Language
hide this ad
Today's Top Quizzes in Japanese
Browse Japanese
Top Contributed Quizzes in Language
1
1-10 Letter F Words III
2
1-10 Letter G Words III
3
1-10 Letter H Words III
4
Celtic Nations in their Language
5
Alphabetize! : 'As' words
6
1-10 Letter I Words III
7
One Thing in Common: Italy
8
1-10 Letter J Words III
9
Order Up: Top 10 Most Native Spoken Languages
10
Weisst du, aus welchen Sprachen diese Wörter stammen?
Explore More
Trending Topics
Harry Potter
Kpop
Marvel
Disney
Anime
Crossword
NBA
Song
NFL
Pokémon
Country
WWE
The Office
Soccer
Puzzle
hide this ad
More By:
NigguhPlease
Quiz
Plays
Rating
Category
Featured
Created
Katakana Reading Quiz
14,101
3.83
Language
Sep 14, 2017
Japanese Hiragana Syllable
1,062
5.00
Language
Sep 21, 2017
Katakana syllable
868
5.00
Language
Sep 21, 2017
Go to Creator's Profile
Score Distribution
Quiz Creator Spotlight
NigguhPlease
Follow
Send a Message
Quizzes Created
-
Created Quiz Play Count
-
More By This Creator
Popular Quizzes Today
1
Find the US States - No Outlines Minefield
2
Find the Countries of Europe - No Outlines Minefield
3
The Countries of the World
4
Find the US States
5
Risky Map Clicking: Biggest States A-Z
6
US States
7
Popular People in 1961
8
Movies - When Are They Set?
More Language Quizzes
Six Letter Word Match-Up II
Published
Trending Quizzes
Risky Map Clicking: Least Populous States A-Z
1-10 Letter G Words
1-10 Letter F Words
Countries of the World: 200 Million BC
Risky Map Clicking: Next State Alphabetically
Recently Updated
Beyoncé Albums
pecheneg
Leaping Animals
pecheneg
Reality TV Shows (A-Z)
bhenderson79
Rickey Henderson's Hall of Fame Teammates
pecheneg
Champions League XIs: Arsenal
pecheneg
Quick Pick: Celebrities in WWE's Hall of Fame
aduchscher
A-Z Keypad Blitz II
pecheneg
Multiple Oscar Actors
pecheneg
Mystery Phrase Blitz: Oscar 'Best Actors'
pecheneg
F. Scott Fitzgerald Novels
LTH
Trending Topics
NBA
Marvel
Kpop
Disney
Harry Potter
Crossword
Anime
Country
Soccer
Pokémon
The Office
Puzzle
NFL
WWE
Song
Your Account Isn't Verified!
In order to create a playlist on Sporcle, you need to verify the email address you used during registration. Go to your
Sporcle Settings
to finish the process.
Report this User
Report this user for behavior that violates our
Community Guidelines
.
Details:
Send Report
Go to the Sporcle.com Mobile Site →
Comments